| 000 | 02090nam1a2200349 i 4500 | ||
|---|---|---|---|
| 001 | RU\NLR\bibl\792735 | ||
| 005 | 20260406134448.0 | ||
| 035 | _a(NLR Aleph) 000781958 | ||
| 090 |
_a1067646 _c1067646 |
||
| 100 | _a20050427g20049999d y0rusy50 ca | ||
| 101 | 0 | _arus | |
| 102 | _aRU | ||
| 105 | _a||||z ||||| | ||
| 200 | 1 |
_aРабочая тетрадь ... с раздаточным материалом к учебнику английского языка Happy English.ru для 7 класса общеобразовательных учреждений _fК.И. Кауфман, М.Ю. Кауфман |
|
| 210 |
_aОбнинск _cТитул _d2004 |
||
| 215 | _d27 | ||
| 300 | _aНа обл.: Happy English.ru: Workbook / K. Kayfman, M. Kayfman | ||
| 463 | 0 | _1001749183 | |
| 512 | 1 |
_6z33790 _aHappy English.ru _eWorkbook |
|
| 604 |
_1700#1$3RU\NLR\auth\772241$aКауфман$bК. И.$gКлара Исааковна$4070 _1701#1$aКауфман$bМ. Ю.$gМарианна Юрьевна$4070 _150010$aHappy English.ru: учебник английского языка для 7 класса общеобразовательных учреждений$2psbo _aКауфман, Клара Исааковна _tHappy English.ru: учебник английского языка для 7 класса общеобразовательных учреждений _9112257 _3RU\NLR\auth\772241 |
||
| 606 | 1 |
_aАнглийский язык _jРабочие тетради для средней школы _9972309 _3RU\NLR\auth\6646032 |
|
| 686 | _aШ143.21-93рус21[7] | ||
| 700 | 1 |
_4070 _8rus _7ca _aКауфман _bК. И. _gКлара Исааковна _3RU\NLR\auth\772241 _9112257 |
|
| 701 | 1 |
_4070 _8rus _7ca _aКауфман _bМ.Ю. _gМарианна Юрьевна _3RU\NLR\AUTH\7725689 _98735 |
|
| 790 | 1 |
_6z33 _aKaufman _bK. I. _gKlara Isaakovna _4070 |
|
| 790 | 1 |
_4070 _8rus _7ba _aKaufman _bM. J. _gMarianna Jur'evna _3RU\NLR\AUTH\7725691 _98737 |
|
| 801 | 0 |
_aRU _bNLR _c20050427 _grcr |
|
| 801 | 1 |
_aRU _bNLR _c20050427 |
|
| 852 |
_aNLR _j2005-8/1054 |
||
| 942 | _cBOOK | ||